Statistics for US Airport Code Quiz

Click here to take the quiz!

General Stats

  • This quiz has been taken 361 times
  • The average score is 10 of 20

Answer Stats

HintAnswer% Correct
ACVArcata
100%
ATLAtlanta
100%
CLTCharlotte
100%
ORDChicago
100%
COSColorado Springs
100%
DFWDallas
100%
DENDenver
100%
DTWDetroit
100%
ELPEl Paso
100%
FLGFlagstaff
100%
HOUHouston
100%
INDIndianapolis
100%
JAXJacksonville
100%
LASLas Vegas
100%
LAXLos Angeles
100%
MSNMadison
100%
MIAMiami
100%
MOBMobile
100%
EWRNewark
100%
LGANew York
100%
JFKNew York
100%
OAKOakland
100%
OKCOklahoma City
100%
PHXPhoenix
100%
RICRichmond
100%
SLCSalt Lake City
100%
SANSan Diego
100%
SFOSan Francisco
100%
SEASeattle
100%
STLSt Louis
100%
TPATampa
100%
TULTulsa
100%
AUSAustin
86%
BWIBaltimore
86%
BTRBaton Rouge
86%
DAYDayton
86%
LEXLexington
86%
DALDallas
83%
FLLFort Lauderdale
83%
PHLPhiladelphia
80%
BOSBoston
75%
MDWChicago
75%
HNLHonolulu
75%
OMAOmaha
75%
RAPRapid City
75%
RNOReno
75%
SHVShreveport
75%
SUXSioux City
71%
DCAWashington D.C.
71%
ABQAlbuquerque
67%
BUFBuffalo
67%
CLECleveland
67%
GRBGreen Bay
67%
MEMMemphis
67%
MSPMinneapolis
67%
BNANashville
67%
PITPittsburgh
67%
ROCRochester
67%
BFISeattle
67%
TUSTuscon
67%
YUMYuma
67%
MSYNew Orleans
60%
PVDProvidence
60%
ROARoanoke
60%
IADWashington D.C.
60%
EUGEugene
57%
LARLaramie
57%
ANCAnchorage
50%
BILBillings
50%
BMIBloomington
50%
EGEEagle
50%
FLOFlorence
50%
HSVHuntsville
50%
IDAIdaho Falls
50%
ITHIthaca
50%
JANJackson
50%
EYWKey West
50%
LGBLong Beach
50%
MHTManchester
50%
MLBMelbourne
50%
MKEMilwaukee
50%
ORFNorfolk
50%
ONTOntario
50%
MCOOrlando
50%
PVUProvo
50%
RDDRedding
50%
SATSan Antonio
50%
SJCSan Jose
50%
SBASanta Barbara
50%
SYRSyracuse
50%
GUMGuam
45%
BURBurbank
43%
CHSCharleston
43%
LITLittle Rock
43%
BZNBozeman
40%
IAHHouston
40%
JNUJuneau
40%
ECPPanama City
40%
MGMMontgomery
36%
BHMBirmingham
33%
BISBismarck
33%
BTVBurlington
33%
CRWCharleston
33%
CHAChattanooga
33%
DSMDes Moines
33%
RSWFort Myers
33%
FWAFort Wayne
33%
JLNJoplin
33%
ADQKodiak
33%
LANLansing
33%
MYRMyrtle Beach
33%
PNSPensacola
33%
SAVSavannah
33%
SITSitka
33%
TEBTeterboro
33%
BDLWindsor Locks
33%
BTMButte
25%
CVGCincinnati
25%
GSPGreenville
25%
JACJackson Hole
25%
AKNKing Salmon
25%
LAWLawton
25%
LBBLubbock
25%
MKKMolokai
25%
MRYMonterey
25%
PDXPortland
25%
PWMPortland
25%
SJUSan Juan
25%
GSOGreensboro
22%
CMHColumbus
20%
VPSFort Walton
20%
SNAOrange County
20%
PPGPago Pago
20%
PSPPalm Springs
20%
RDMRedmond
20%
SRQSarasota
20%
AEXAlexandria
17%
BFLBakersfield
17%
BETBethel
17%
DLHDuluth
17%
HRLHarlingen
17%
MCIKansas City
17%
LIHLihue
17%
SDFLouisville
17%
SAFSanta Fe
17%
PIAPeoria
14%
GCKGarden City
13%
SBPSan Luis Obispo
13%
GRKKilleen
11%
STTSt. Thomas
11%
AVPWilkes-Barre
11%
ABIAbilene
0%
CAKAkron
0%
ALBAlbany
0%
AMAAmarillo
0%
AVLAsheville
0%
ASEAspen
0%
AGSAugusta
0%
BRWBarrow
0%
BLIBellingham
0%
BROBrownsville
0%
CPRCasper
0%
CIDCedar Rapids
0%
CLLCollege Station
0%
CAEColumbia
0%
COUColumbia
0%
CSGColumbus
0%
CRPCorpus Christi
0%
DABDaytona Beach
0%
DLGDillingham
0%
DRODurango
0%
EVVEvansville
0%
PAEEverett
0%
FAIFairbanks
0%
FSMFort Smith
0%
FATFresno
0%
GNVGainesville
0%
GFKGrand Forks
0%
GJTGrand Junction
0%
GRRGrand Rapids
0%
GTFGreat Falls
0%
GPTGulfport
0%
GUCGunnison
0%
MDTHarrisburg
0%
HLNHelena
0%
ITOHilo
0%
HHHHilton Head
0%
HOBHobbs
0%
OGGKahului
0%
FCAKalispell
0%
KTNKetchikan
0%
TYSKnoxville
0%
KOAKona
0%
OTZKotzebue
0%
LNYLanai
0%
LRDLaredo
0%
MCNMacon
0%
MFEMcAllen
0%
MFRMedford
0%
IWAMesa
0%
MAFMidland
0%
MODModesto
0%
MLIMoline
0%
MTJMontrose
0%
ACKNantucket
0%
HVNNew Haven
0%
OMENome
0%
OTHNorth Bend
0%
PSCPasco
0%
PIHPocatello
0%
PRCPrescott
0%
SCCPrudhoe Bay
0%
PUWPullman
0%
PGDPunta Gorda
0%
RDURaleigh-Durham
0%
RSTRochester
0%
RFDRockford
0%
RKSRock Springs
0%
ROWRoswell
0%
SMFSacramento
0%
SGUSaint George
0%
SJTSan Angelo
0%
SFBSanford
0%
STSSanta Rosa
0%
FSDSioux Falls
0%
GEGSpokane
0%
SPISpringfield
0%
SGFSpringfield
0%
STXSt. Croix
0%
SUNSun Valley
0%
TLHTallahassee
0%
TWFTwin Falls
0%
VCVVictorville
0%
ACTWaco
0%
ALWWalla walla
0%
PBIWest Palm Beach
0%
HPNWhite Plains
0%
ICTWichita
0%
SPSWichita Falls
0%
YKMYakima
0%

Score Distribution

Percentile by Number Answered

Percent of People with Each Score

Your Score History

You have not taken this quiz